La epidemia del cólera de 1856: análisis y consecuencias demográficas /
Analiza y desarrolla la aparición de la Epidemia del Cólera en 1856, en Costa Rica, y sus consecuencias demográficas - Estudia las causas de la elevada mortalidad durante el siglo XIX. Describe los orígenes y las manifestaciones del Cólera Morbo o Cólera Asiático, así como las medidas preventivas qu...
Guardado en:
| 主要作者: | |
|---|---|
| 其他作者: | |
| 格式: | Texto |
| 出版: |
Heredia:
Universidad Nacional
|
| 標簽: |
添加標簽
沒有標簽, 成為第一個標記此記錄!
|
MARC
| LEADER | 00000 a a2200000 04500 | ||
|---|---|---|---|
| 001 | 20690 | ||
| 003 | |||
| 040 | |||
| 090 | |a 087800 | ||
| 100 | |a Tjarks, German | ||
| 245 | |a La epidemia del cólera de 1856: análisis y consecuencias demográficas / |c German Tjarks | ||
| 260 | |a Heredia: |b Universidad Nacional | ||
| 300 | |a 33 p. | ||
| 520 | |a Analiza y desarrolla la aparición de la Epidemia del Cólera en 1856, en Costa Rica, y sus consecuencias demográficas - Estudia las causas de la elevada mortalidad durante el siglo XIX. Describe los orígenes y las manifestaciones del Cólera Morbo o Cólera Asiático, así como las medidas preventivas que tomo el gobierno de costa Rica antes de la epidemia de 1856. Explica los pormenores de la difusión del Cólera entre el ejercito costarricense que lucho en Rivas (Nicaragua) y su propagación en Costa Rica. Presenta un análisis parcial de los movimientos vitales (Natalidad y Mortalidad) por parroquia (para Alajuela, Cartago, Heredia, Barba, Santo Domingo de Heredia y San Miguel de Escazu) y hace la relación con la epidemia del Cólera y sus secuelas | ||
| 700 | |a Espinoza Guadamuz, Julio César |a Fernández Solera, Flora María |a González Salas, Edwin | ||
| 999 | |c 13535 |d 13535 | ||
